|
|
|
|
| LEADER |
00000nam a2200000 a 4500 |
| 005 |
20110915123641.0 |
| 008 |
090422s2008 sp 000 0 spa c |
| 017 |
|
|
|a DL AB-269-2008
|
| 020 |
|
|
|a 9788496721593
|
| 035 |
|
|
|a 5741
|
| 040 |
|
|
|d vLex
|
| 080 |
|
|
|a 34
|
| 090 |
|
|
|c 2471
|d 2471
|
| 100 |
1 |
|
|a Lp̤ez Ganda̕, Juan
|
| 245 |
1 |
4 |
|a Las Relaciones laborales especiales
|h [Recurso electrn̤ico] /
|c Juan Lp̤ez Ganda̕
|
| 256 |
|
|
|a Servicio en ln̕ea.
|
| 260 |
|
|
|a Albacete :
|b Bomarzo ,
|c 2008
|
| 300 |
|
|
|a 162 p. ;
|c 24 cm
|
| 504 |
|
|
|a Referencias bibliogrf̀icas
|
| 506 |
1 |
|
|a Contenido solo disponible en los productos indicados
|d vLex Global
|d vLex Global (Academic Edition, excluding Law Schools)
|d vLex Global (U.S. Academic Edition, Law Schools)
|d vLex Global (U.S. Academic Edition, excluding Law Schools)
|d vLex Global (Academic Edition, Law Schools)
|
| 650 |
0 |
4 |
|a Relaciones laborales especiales
|z Espaą
|
| 740 |
0 |
|
|a vLex Libros (Servicio en ln̕ea)
|
| 830 |
|
0 |
|a Estudios (Bomarzo)
|
| 856 |
4 |
0 |
|u http://vlex.com/source/relaciones-laborales-especiales-5741
|z Acceso restringido
|
| 942 |
|
|
|c BOOK
|